International economics / (Record no. 17873)

MARC details
000 -LEADER
fixed length control field 00642 aa a2200205 4500
005 - DATE AND TIME OF LATEST TRANSACTION
control field 20090822160230.0
008 - FIXED-LENGTH DATA ELEMENTS--GENERAL INFORMATION
fixed length control field 081021t xxu||||| |||| 00| 0 eng d
010 ## - LCCN (DPL NO)
LC control number ENG-84568
020 ## - INTERNATIONAL STANDARD BOOK NUMBER
International Standard Book Number 8189000969
020 ## - INTERNATIONAL STANDARD BOOK NUMBER
Terms of availability 200.00 (pbk)
035 ## - SYSTEM CONTROL NUMBER
System control number EN-68101
082 ## - DEWEY DECIMAL CLASSIFICATION NUMBER
Classification number 337 / SAC
100 ## - MAIN ENTRY--PERSONAL NAME
Personal name Sachdeva, N K
245 ## - TITLE STATEMENT
Title International economics /
Statement of responsibility, etc by N K Sachdeva
260 ## - PUBLICATION, DISTRIBUTION, ETC. (IMPRINT)
Place of publication, distribution, etc New Delhi
Name of publisher, distributor, etc Vishvabharti Publications
260 ## - PUBLICATION, DISTRIBUTION, ETC. (IMPRINT)
Date of publication, distribution, etc 2007
300 ## - PHYSICAL DESCRIPTION
Extent vi,424p
Dimensions 22cm
942 ## - ADDED ENTRY ELEMENTS (KOHA)
Source of classification or shelving scheme Dewey Decimal Classification
Item type English Books
Classification part 337
Call number suffix SAC
Holdings
Withdrawn status Lost status Source of classification or shelving scheme Damaged status Not for loan Home library Current library Date acquired Cost, normal purchase price Total Checkouts Full call number Barcode Date last seen Copy number Cost, replacement price Koha item type
    Dewey Decimal Classification   Not For Loan D.B.Act.Division D.B.Act.Division 09/03/2007 200.00   337 SAC EN-68101 04/11/2008 1 200.00 English Books

© Delhi Public Library
Hit Counter
free hit counter